Countries with Highest Lowest Points - Statistics

General Stats
  • This quiz has been taken 1,622 times
    1,606 since last reset
  • The average score is 12 of 20
Answer Stats
meters country feet % Correct
195 Switzerland 633
80%
430 Liechtenstein 1411
76%
300 Tajikistan 984
74%
950 Rwanda 3117
72%
518 Mongolia 1699
71%
840 Andorra 2756
69%
772 Burundi 2533
67%
1400 Lesotho 4593
66%
621 Uganda 2037
65%
258 Afghanistan 846
63%
435 Kyrgyzstan 1427
62%
335 Central African Republic 1099
58%
200 Niger 656
53%
329 Zambia 1079
53%
162 Zimbabwe 533
52%
513 Botswana 1683
49%
350 South Sudan 1148
49%
400 Armenia 1312
46%
200 Burkina Faso 656
44%
297 Kosovo 974
26%
No matching quizzes found
Score Distribution
Percent of People with Each Score
Percentile by Number Answered
Your Score History
You have not taken this quiz since the last reset